Technical paper[s].

Bibliographic Details
Corporate Authors: Pennsylvania State College. Mineral Industries Experiment Station, Pennsylvania State College. School of Mineral Industries
Format: Serial
Language:English
Published: State College, Pa. : School of Mineral Industries.
Subjects:

MARC

Tag First Indicator Second Indicator Subfields
LEADER 00000cas a2200000 4500
001 in00000050438
005 20151007071834.0
008 800227d19321953pauuu 0uuua0eng d
010 |a gs 32000666  
035 |a (OCoLC)06029178 
035 |9 AAE6731AM 
040 |a DLC  |c AKR  |d TXA  |d UtOrBLW 
049 |a TXAE 
050 0 0 |a TN7  |b .P4 
082 0 |a 622.072 
110 2 |a Pennsylvania State College.  |b Mineral Industries Experiment Station. 
245 1 0 |a Technical paper[s]. 
264 1 |a State College, Pa. :  |b School of Mineral Industries. 
300 |a 197 nos :  |b illustrations ;  |c 23-27 cm. 
336 |a text  |b txt  |2 rdacontent 
337 |a unmediated  |b n  |2 rdamedia 
338 |a volume  |b nc  |2 rdacarrier 
362 0 |a [no.] 1-197; 1932-53. 
500 |a Cover title. 
500 |a Chiefly reprints from various scientific periodicals. 
650 0 |a Mineral industries. 
710 2 |a Pennsylvania State College.  |b School of Mineral Industries. 
999 |a MARS 
999 f f |s c278122f-114d-3a02-ab7f-14e42c1fcdcc  |i 878ea007-c1cc-3a2a-a273-b3c21ced84fc  |t 0 
952 f f |p ric  |a Texas A&M University  |b Rellis Campus  |c Joint Library Facility  |d Remote Storage  |t 0  |e TN7 .P4  |h Library of Congress classification  |i unmediated -- volume  |k no.51-74  |m A14834221114 
952 f f |p ric  |a Texas A&M University  |b Rellis Campus  |c Joint Library Facility  |d Remote Storage  |t 0  |e TN7 .P4  |h Library of Congress classification  |i unmediated -- volume  |k no.126-150  |m A14834221198 
952 f f |p ric  |a Texas A&M University  |b Rellis Campus  |c Joint Library Facility  |d Remote Storage  |t 0  |e TN7 .P4  |h Library of Congress classification  |i unmediated -- volume  |k no.101-125  |m A14834221130 
952 f f |p ric  |a Texas A&M University  |b Rellis Campus  |c Joint Library Facility  |d Remote Storage  |t 0  |e TN7 .P4  |h Library of Congress classification  |i unmediated -- volume  |k no.75-100  |m A14834221083 
952 f f |p ric  |a Texas A&M University  |b Rellis Campus  |c Joint Library Facility  |d Remote Storage  |t 0  |e TN7 .P4  |h Library of Congress classification  |i unmediated -- volume  |k no.1-33  |m A14834221091 
952 f f |p ric  |a Texas A&M University  |b Rellis Campus  |c Joint Library Facility  |d Remote Storage  |t 0  |e TN7 .P4  |h Library of Congress classification  |i unmediated -- volume  |k no.176-197  |m A14834221156 
952 f f |p ric  |a Texas A&M University  |b Rellis Campus  |c Joint Library Facility  |d Remote Storage  |t 0  |e TN7 .P4  |h Library of Congress classification  |i unmediated -- volume  |k no.34-50  |m A14834221106 
952 f f |p ric  |a Texas A&M University  |b Rellis Campus  |c Joint Library Facility  |d Remote Storage  |t 0  |e TN7 .P4  |h Library of Congress classification  |i unmediated -- volume  |k no.151-175  |m A14834221148 
998 f f |a TN7 .P4  |s no.1-197 (1932-1953)  |t 0  |l Remote Storage